Text Book Office Practice and Management (Record no. 152825)

MARC details
000 -LEADER
fixed length control field 00514nam a22001577a 4500
005 - DATE AND TIME OF LATEST TRANSACTION
control field 20180619130638.0
035 ## - SYSTEM CONTROL NUMBER
System control number A-900132
037 ## - SOURCE OF ACQUISITION
Source of stock number/acquisition BPPD/PUB
082 ## - DEWEY DECIMAL CLASSIFICATION NUMBER
Classification number 631.3
100 ## - MAIN ENTRY--PERSONAL NAME
Personal name Raizada Prabhakar
245 ## - TITLE STATEMENT
Title Text Book Office Practice and Management
Statement of responsibility, etc by Prabhakar Raizada
260 ## - PUBLICATION, DISTRIBUTION, ETC. (IMPRINT)
Place of publication, distribution, etc New Delhi
Name of publisher, distributor, etc Pitambar Publishing Company PVT. LTD.
Date of publication, distribution, etc 1997
270 ## - ADDRESS
Address G-12, Udyog Nagar Rohtak Industrial Area
City New Delhi
Postal code 110041
300 ## - PHYSICAL DESCRIPTION
Extent 310p
Dimensions 25cm (HB)
942 ## - ADDED ENTRY ELEMENTS (KOHA)
Source of classification or shelving scheme Dewey Decimal Classification
Item type English Books
Call number suffix RAI
Classification part 651.3
Holdings
Withdrawn status Lost status Not for loan Collection code Home library Current library Date acquired Source of acquisition Cost, normal purchase price Full call number Barcode Cost, replacement price Koha item type
      Non-fiction Shahdara Branch Shahdara Branch 19/06/2018 BPPD/PUB 120.00 651.3 RAI A-900132 120.00 English Books

© Delhi Public Library
Hit Counter
free hit counter